000 00378nam a2200157Ia 4500
005 20240807062142.0
008 240806s9999||||xx |||||||||||||| ||eng||
041 _aeng
082 _a891.433
_bNASL
100 _aNasareen Tasaleema
245 0 _aLajja /
_cNasareen Tasaleema
260 _bVani Prakashan New Delhi
300 _a175
650 _aGeneral Studies
942 _cBK
999 _c10033
_d10033